<?xml version='1.0' encoding='UTF-8'?><?xml-stylesheet href='static/style.xsl' type='text/xsl'?><OAI-PMH xmlns="http://www.openarchives.org/OAI/2.0/" xmlns:xsi="http://www.w3.org/2001/XMLSchema-instance" xsi:schemaLocation="http://www.openarchives.org/OAI/2.0/ http://www.openarchives.org/OAI/2.0/OAI-PMH.xsd"><responseDate>2026-04-30T16:38:47Z</responseDate><request verb="GetRecord" identifier="oai:ebiltegia.mondragon.edu:20.500.11984/4761" metadataPrefix="marc">https://ebiltegia.mondragon.edu/oai/request</request><GetRecord><record><header><identifier>oai:ebiltegia.mondragon.edu:20.500.11984/4761</identifier><datestamp>2024-01-04T21:57:00Z</datestamp><setSpec>com_20.500.11984_1736</setSpec><setSpec>com_20.500.11984_1627</setSpec><setSpec>col_20.500.11984_1972</setSpec></header><metadata><record xmlns="http://www.loc.gov/MARC21/slim" xmlns:dcterms="http://purl.org/dc/terms/" xmlns:xsi="http://www.w3.org/2001/XMLSchema-instance" xmlns:doc="http://www.lyncode.com/xoai" xsi:schemaLocation="http://www.loc.gov/MARC21/slim http://www.loc.gov/standards/marcxml/schema/MARC21slim.xsd">
   <leader>00925njm 22002777a 4500</leader>
   <datafield ind2=" " ind1=" " tag="042">
      <subfield code="a">dc</subfield>
   </datafield>
   <datafield ind2=" " ind1=" " tag="720">
      <subfield code="a">Mondragon Unibertsitatea</subfield>
      <subfield code="e">author</subfield>
   </datafield>
   <datafield ind2=" " ind1=" " tag="260">
      <subfield code="c">2016-09-14</subfield>
   </datafield>
   <datafield ind2=" " ind1=" " tag="520">
      <subfield code="a">Humanitate eta Hezkuntza Zientzien Fakultateko Haur Liburu Mintegiak sarean jarri du 2015. urteko "Haur eta gazte literatura irakur gida". Liburuxkak 54 orri ditu eta, bertan, ume eta gazteei zuzendutako 161 liburu aztertu eta sailkatu dituzte. 1990. urtetik hasita, urtero argitaratzen dute gida.</subfield>
   </datafield>
   <datafield ind2=" " ind1=" " tag="520">
      <subfield code="a">La Facultad de Humanidades y Ciencias de la Educación ha puesto en la red de manera gratuita la edición de 2015 de la Guía de lectura de literatura infantil y juvenil 2015 (Haur eta gazte literatura irakur gida 2014, en su original en euskera). La guía de 54 páginas, analiza 161 trabajos escritos en euskera y está editada por el seminario Haur Liburu Mintegia de la Facultad de Humanidades y Ciencias de la Educación de MONDRAGON UNIBERTSITATEA.</subfield>
   </datafield>
   <datafield ind1="8" ind2=" " tag="024">
      <subfield code="a">https://hdl.handle.net/20.500.11984/4761</subfield>
   </datafield>
   <datafield tag="653" ind2=" " ind1=" ">
      <subfield code="a">Humanitate eta Hezkuntza Zientzien Fakultatea</subfield>
   </datafield>
   <datafield ind2="0" ind1="0" tag="245">
      <subfield code="a">Sarean jarri dute "Haur eta gazte literatura irakur gida 2015"</subfield>
   </datafield>
   <datafield ind2="0" ind1="0" tag="245">
      <subfield code="a">Ya está en disponible la guía de lectura de literatura infantil y juvenil de 2015</subfield>
   </datafield>
</record></metadata></record></GetRecord></OAI-PMH>